000 00508nam a2200181Ia 4500
999 _c11064
_d11064
003 OSt
005 20191231105838.0
008 190216s9999||||xx |||||||||||||| ||und||
020 _a9788184350852
040 _coclc
082 _a338
_bKHA/B
100 _aKhatarkar, Yashwant
_9939
245 0 _aBusiness Economics /
_cYashwant Khatarkar
260 _bAdhyayan Publishers,
_c2007.
_aNew Delhi:
300 _a232p
650 _aEconomics
942 _cBK
_2ddc
_h338
_iKHA/B
_k338
_mKHA/B